Không gia đình : Tiểu thuyết /
Tallennettuna:
| Päätekijä: | |
|---|---|
| Muut tekijät: | |
| Aineistotyyppi: | Sách giấy |
| Kieli: | Vietnamese French |
| Julkaistu: |
H. :
Văn học,
2018.
|
| Painos: | Tái bản lần thứ sáu. |
| Aiheet: | |
| Tagit: |
Lisää tagi
Ei tageja, Lisää ensimmäinen tagi!
|
| Thư viện lưu trữ: | Thư viện Trường Đại học Đà Lạt |
|---|
| LEADER | 00795nam a2200325 4500 | ||
|---|---|---|---|
| 001 | DLU200194404 | ||
| 005 | ##20200130 | ||
| 020 | # | # | |a 9786049690266 |
| 040 | # | # | |a DLU |b vie |
| 041 | # | # | |a vie |h fre |
| 044 | # | # | |a vn |
| 082 | # | # | |a 843 |b MA-H |
| 100 | # | # | |a Malot, Hector. |
| 245 | # | # | |a Không gia đình : |b Tiểu thuyết / |c Hector Malot; Huỳnh Lý dịch. |
| 250 | # | # | |a Tái bản lần thứ sáu. |
| 260 | # | # | |a H. : |b Văn học, |c 2018. |
| 300 | # | # | |a 578 tr. ; |c 21 cm. |
| 650 | # | # | |a Tiểu thuyết Pháp. |
| 700 | # | # | |a Huỳnh Lý, |e dịch. |
| 923 | # | # | |a 07/2019 |
| 991 | # | # | |a SH |
| 992 | # | # | |a 128000 |
| 994 | # | # | |a DLU |
| 900 | # | # | |a True |
| 911 | # | # | |a Nguyễn Thanh Hương |
| 925 | # | # | |a G |
| 926 | # | # | |a A |
| 927 | # | # | |a SH |
| 980 | # | # | |a Thư viện Trường Đại học Đà Lạt |


